00327 a2200121 4500001000700000020000600007040001100013100001500024240007400039245006900113362000900182440001400191164580 a  cMagnum aDias, Vera10aA incrivel historia do gato chines: um cidadao pacato como voceslpor10aA incrivel historia do gato chines: um cidadao pacato como voces0 a1899 1aDo Brasil